00584nam a2200181 a 450000500170000000800410001702000180005805000210007610000230009724501030012025000120022326000380023530000410027350000190031465000120033370000310034570000260037620140310183409.0121029s19uu xx 00 eng d a9780072564365 aQC 21b.G53 2007 aGiambattista, Alan aCollege Physics :bvolume 1 /cAlan Giambattista, Betty McCarthy-Richardson, Robert C. Richardson. a2nd ed. aBoston, Ma :bMcGraw-Hill,c2007. axxxii, 560 p. :bcol. ill. ;c28 cm. aIncludes index aPhysics aRichardson, Betty McCarthy aRichardson, Robert C.